| 000 | 00367pam a2200157a 44500 | ||
|---|---|---|---|
| 008 | 230405s2009 xxu||||| |||| 00| 0 eng d | ||
| 041 | _aENG | ||
| 100 | _aGREENBERG PAUL | ||
| 245 | _aCRM AT THE SPEED OF IGHT | ||
| 250 | _a2009 | ||
| 260 |
_aNEW DELHI _bTATA MCGRAW HILL PUB _c2009 |
||
| 300 | _aP.B,XXVI,662 | ||
| 650 | _aCSE | ||
| 690 | _aCSE | ||
| 906 | _a2878 | ||
| 999 |
_c817073 _d817073 |
||